[Event "Titled Tuesday intern op 03rd Jan Late"]
[Site "Chess.com INT"]
[Date "2025.06.03"]
[Round "8"]
[White "Postny, Evgeny"]
[Black "Jagirapu, Harshin Reddy"]
[Result "1-0"]
[WhiteElo "2525"]
[BlackElo "2042"]
[PlyCount "67"]
[EventDate "2025.06.03"]
[EventType "swiss (blitz)"]
[EventRounds "11"]
[EventCountry "USA"]
[SourceTitle "CB24_2025"]
[SourceDate "2025.06.11"]
[SourceVersion "1"]
[SourceVersionDate "2025.06.11"]
[SourceQuality "1"]

1. e4 c6 2. Nc3 d5 3. d3 e6 4. g3 Nd7 5. Qe2 Bc5 6. Bg2 Ne7 7. Nf3 a5 8. 0-0 0-0 9. h4 h6 10. h5 Nf6 11. d4 dxe4 12. Nxe4 Nxe4 13. Qxe4 Ba7 14. Rd1 Qd5 15. Qg4 Qf5 16. Qh4 Nd5 17. c3 Nf6 18. Ne5 Qxh5 19. Qxh5 Nxh5 20. g4 Nf6 21. Be3 Nd5 22. Bd2 f6 23. Ng6 Re8 24. Be4 e5 25. dxe5 Bxg4 26. Re1 Rad8 27. Kg2 fxe5 28. f3 Bh5 29. Re2 Kf7 30. Nh4 Nf6 31. Bc2 e4 32. Bb3+ Kf8 33. f4 Bxe2 34. Ng6# 1-0

[Event "Steling Colonial op 6th"]
[Site "Sterlig"]
[Date "2025.04.19"]
[Round "5"]
[White "Jagirapu, Harshin Reddy"]
[Black "Sridhar, Jagadeeshwar Yehama"]
[Result "1/2-1/2"]
[WhiteElo "2073"]
[BlackElo "1913"]
[PlyCount "106"]
[EventDate "2025.04.17"]
[EventType "swiss"]
[EventRounds "7"]
[EventCountry "USA"]
[SourceTitle "CB17_2025"]
[SourceDate "2025.04.23"]
[SourceVersion "1"]
[SourceVersionDate "2025.04.23"]
[SourceQuality "1"]

1. e4 c5 2. Nf3 e6 3. d4 cxd4 4. Nxd4 Nc6 5. Nc3 Qc7 6. Be3 a6 7. Qd2 Nf6 8. 0-0-0 Be7 9. f3 b5 10. g4 h6 11. h4 b4 12. Na4 Bb7 13. Be2 Nxd4 14. Bxd4 e5 15. Be3 Bc6 16. Nb6 Rb8 17. Nd5 Bxd5 18. exd5 d6 19. Kb1 a5 20. f4 Ne4 21. Qe1 Qb7 22. Ka1 exf4 23. Bxf4 0-0 24. Bf3 Nc5 25. g5 g6 26. Be3 Rfc8 27. Bd4 h5 28. Qe3 Bf8 29. Qf4 Nd7 30. Be4 Re8 31. Rhe1 Ne5 32. Qf2 Bg7 33. Kb1 Ng4 34. Qd2 Bxd4 35. Qxd4 Qb6 36. Qxb6 Rxb6 37. Bd3 Ne5 38. Be2 Re7 39. Bc4 Kf8 40. Bb3 Nf3 41. Rxe7 Kxe7 42. Rh1 Nd2+ 43. Kc1 Nxb3+ 44. axb3 Rb5 45. Rd1 Kf8 46. Rd3 Kg7 47. Kb1 Rb7 48. Rd4 f6 49. gxf6+ Kxf6 50. Rd3 Ke5 51. Rg3 Kf6 52. Rf3+ Ke5 53. Rg3 Kf6 1/2-1/2

[Event "Titled Tuesday intern op 11th Mar Late"]
[Site "Chess.com INT"]
[Date "2025.03.11"]
[Round "3"]
[White "Ge, William"]
[Black "Jagirapu, Harshin Reddy"]
[Result "0-1"]
[WhiteElo "2205"]
[BlackElo "2073"]
[PlyCount "92"]
[EventDate "2025.03.11"]
[EventType "swiss (blitz)"]
[EventRounds "11"]
[EventCountry "USA"]
[SourceTitle "CB12_2025"]
[SourceDate "2025.03.19"]
[SourceVersion "1"]
[SourceVersionDate "2025.03.19"]
[SourceQuality "1"]

1. e4 c5 2. Nf3 Nc6 3. Bb5 e6 4. Bxc6 bxc6 5. 0-0 Ne7 6. c3 d6 7. d4 cxd4 8. cxd4 Ng6 9. Nc3 d5 10. e5 c5 11. Be3 cxd4 12. Bxd4 Be7 13. Re1 0-0 14. a4 Bb4 15. Qc2 Ba6 16. Rec1 Nf4 17. Nb5 Rc8 18. Qd1 Rxc1 19. Rxc1 Bxb5 20. axb5 Qa5 21. g3 Ng6 22. Ra1 Qxb5 23. Rxa7 Bc5 24. Bxc5 Qxc5 25. Rb7 h6 26. Kg2 Qc4 27. Qb3 Qc6 28. Rb8 Rxb8 29. Qxb8+ Kh7 30. b4 Qc4 31. Qd6 Qg4 32. Ng1 Nh4+ 33. Kh1 Qe4+ 34. f3 Nxf3 35. Nxf3 Qxf3+ 36. Kg1 Qd1+ 37. Kg2 Qe2+ 38. Kg1 Qe3+ 39. Kg2 d4 40. Qe7 Qe4+ 41. Kh3 Qf5+ 42. Kg2 d3 43. Qd6 Qe4+ 44. Kf2 Qe2+ 45. Kg1 d2 46. Kh1 d1R+ 0-1

[Event "Titled Tuesday intern op 11th Mar Late"]
[Site "Chess.com INT"]
[Date "2025.03.11"]
[Round "11"]
[White "Jagirapu, Harshin Reddy"]
[Black "Fiorito, Joaquin"]
[Result "1-0"]
[WhiteElo "2073"]
[BlackElo "2402"]
[PlyCount "129"]
[EventDate "2025.03.11"]
[EventType "swiss (blitz)"]
[EventRounds "11"]
[EventCountry "USA"]
[SourceTitle "CB12_2025"]
[SourceDate "2025.03.19"]
[SourceVersion "1"]
[SourceVersionDate "2025.03.19"]
[SourceQuality "1"]

1. d4 Nf6 2. Nf3 a6 3. g3 c5 4. dxc5 e6 5. c4 Bxc5 6. Bg2 0-0 7. 0-0 Nc6 8. Nc3 b6 9. Bg5 Bb7 10. Ne4 Be7 11. Nd6 Rb8 12. Nxb7 Rxb7 13. Qa4 b5 14. cxb5 axb5 15. Qb3 d5 16. Rac1 Na5 17. Qe3 Nc4 18. Qd4 h6 19. Bf4 Ne4 20. b3 Bf6 21. Ne5 Ncd6 22. Qb4 g5 23. Nc6 Qd7 24. Be5 Rc8 25. Bxf6 Nxf6 26. Ne5 Qe7 27. e3 Ra8 28. Rc6 Nf5 29. Qd2 Rba7 30. Rc2 Nd6 31. Nc6 Qd7 32. Nxa7 Rxa7 33. Rfc1 Kg7 34. Qd4 Kg6 35. Bf1 Qe7 36. Bd3+ Kg7 37. Qe5 Nde4 38. f3 Nd6 39. Rc6 Nde8 40. Bxb5 Qb4 41. a4 Qxb3 42. Qd4 Re7 43. Rc8 e5 44. Qd3 Qb4 45. Qc3 Qd6 46. a5 d4 47. exd4 exd4 48. Qd2 d3 49. Qxd3 Qb4 50. Bxe8 Nxe8 51. Qc3+ Qxc3 52. R1xc3 Nd6 53. a6 Nxc8 54. Rxc8 Ra7 55. Rc6 Kf8 56. Rxh6 Ke7 57. Rb6 Kd7 58. Rb7+ Rxb7 59. axb7 Kc7 60. h4 gxh4 61. gxh4 Kxb7 62. h5 Kc6 63. h6 Kd6 64. h7 Ke7 65. h8Q 1-0

[Event "Titled Tuesday intern op 11th Mar Late"]
[Site "Chess.com INT"]
[Date "2025.03.11"]
[Round "7"]
[White "Jagirapu, Harshin Reddy"]
[Black "Lortkipanidze, Nodar"]
[Result "1/2-1/2"]
[WhiteElo "2073"]
[BlackElo "2359"]
[PlyCount "199"]
[EventDate "2025.03.11"]
[EventType "swiss (blitz)"]
[EventRounds "11"]
[EventCountry "USA"]
[SourceTitle "CB12_2025"]
[SourceDate "2025.03.19"]
[SourceVersion "1"]
[SourceVersionDate "2025.03.19"]
[SourceQuality "1"]

1. d4 e6 2. Nf3 f5 3. c4 b6 4. Nc3 Bb7 5. g3 Bb4 6. Bg2 Bxc3+ 7. bxc3 Nf6 8. 0-0 0-0 9. d5 Na6 10. Nd4 Nc5 11. Ba3 Nfe4 12. Qc2 exd5 13. cxd5 Bxd5 14. Bxc5 bxc5 15. Nxf5 Rxf5 16. Bxe4 Bxe4 17. Qxe4 Qf8 18. Rad1 d6 19. Qc6 Rf7 20. Qd5 Re8 21. e3 Rb8 22. Rb1 Rb6 23. c4 Qb8 24. Rxb6 axb6 25. e4 Qe8 26. Re1 Kf8 27. e5 Rf5 28. Qd3 Rxe5 29. Rxe5 Qxe5 30. Qxh7 Kf7 31. Qc2 Kf6 32. Qd2 Qd4 33. Qe2 g5 34. Qf3+ Kg6 35. Qe2 Kf6 36. Qf3+ Ke7 37. Qe2+ Kd7 38. Kg2 Kc6 39. Qf3+ d5 40. cxd5+ Qxd5 41. Qxd5+ Kxd5 42. Kf3 g4+ 43. Kxg4 Ke4 44. h4 c4 45. h5 Ke5 46. Kg5 c3 47. h6 c2 48. h7 c1Q+ 49. f4+ Kd6 50. h8Q Qe3 51. Qf6+ Kd5 52. Qf5+ Kd4 53. g4 c5 54. Qd7+ Kc3 55. Qg7+ Kc2 56. Qe5 Qd2 57. Qe4+ Qd3 58. Qxd3+ Kxd3 59. f5 c4 60. f6 c3 61. f7 c2 62. f8Q c1Q+ 63. Qf4 Qc6 64. a4 Ke2 65. Kh4 Qh1+ 66. Kg5 Qd5+ 67. Qf5 Qd8+ 68. Qf6 Qd5+ 69. Kh6 Qe4 70. g5 Qh4+ 71. Kg7 Qxa4 72. g6 Qd7+ 73. Qf7 Qd4+ 74. Kg8 b5 75. g7 b4 76. Qe6+ Kd2 77. Kf7 Qf4+ 78. Qf6 Qc4+ 79. Kg6 Qe4+ 80. Qf5 Qe8+ 81. Kh7 Qe7 82. Qd5+ Kc3 83. Qc6+ Kb2 84. Kh8 Qh4+ 85. Kg8 b3 86. Qe6 Kc2 87. Qe2+ Kc3 88. Kf7 Qf4+ 89. Ke7 Qg5+ 90. Kf8 Qf6+ 91. Kg8 b2 92. Qe3+ Kc2 93. Qc5+ Kb3 94. Qb5+ Kc2 95. Qc4+ Qc3 96. Qxc3+ Kxc3 97. Kf7 b1Q 98. g8Q Qb3+ 99. Kg7 Qxg8+ 100. Kxg8 1/2-1/2

[Event "Titled Tuesday intern op 11th Mar Late"]
[Site "Chess.com INT"]
[Date "2025.03.11"]
[Round "8"]
[White "Jagirapu, Harshin Reddy"]
[Black "Stefansson, Vignir Vatnar"]
[Result "1-0"]
[WhiteElo "2073"]
[BlackElo "2551"]
[PlyCount "63"]
[EventDate "2025.03.11"]
[EventType "swiss (blitz)"]
[EventRounds "11"]
[EventCountry "USA"]
[SourceTitle "CB12_2025"]
[SourceDate "2025.03.19"]
[SourceVersion "1"]
[SourceVersionDate "2025.03.19"]
[SourceQuality "1"]

1. d4 g6 2. Nf3 Bg7 3. Bf4 d6 4. e3 b6 5. Nbd2 Bb7 6. h3 Nd7 7. c3 e5 8. Bh2 Ne7 9. Bd3 0-0 10. 0-0 f5 11. dxe5 dxe5 12. Bc4+ Kh8 13. Ng5 Nc5 14. b4 Nd5 15. h4 Nxc3 16. Qc2 N5e4 17. Ndxe4 Nxe4 18. Ne6 Qxh4 19. Nxg7 Kxg7 20. Bxe5+ Kh6 21. Rad1 Rfe8 22. Qb2 Re7 23. f3 Rxe5 24. Qxe5 Ng3 25. Rfe1 Qxc4 26. Qxg3 Qxb4 27. Qxc7 Ba6 28. Qh2+ Kg7 29. Rd7+ Kf6 30. Red1 Re8 31. Qxh7 Re7 32. R1d6+ 1-0

[Event "Titled Tuesday intern op 07th Jan Early"]
[Site "Chess.com INT"]
[Date "2025.01.07"]
[Round "2"]
[White "De Souza, Carlos Henrique"]
[Black "Jagirapu, Harshin Reddy"]
[Result "0-1"]
[WhiteElo "2232"]
[BlackElo "2094"]
[PlyCount "60"]
[EventDate "2025.01.07"]
[EventType "swiss (blitz)"]
[EventRounds "11"]
[EventCountry "USA"]
[SourceTitle "CB03_2025"]
[SourceDate "2025.01.15"]
[SourceVersion "1"]
[SourceVersionDate "2025.01.15"]
[SourceQuality "1"]

1. d4 Nf6 2. Nf3 b6 3. Bf4 Bb7 4. e3 g6 5. Be2 Bg7 6. h3 0-0 7. 0-0 d6 8. c4 Nbd7 9. Nc3 Re8 10. Bh2 e5 11. Rc1 Qe7 12. b4 Ne4 13. Nd5 Qd8 14. Qb3 Nef6 15. dxe5 Nxd5 16. cxd5 Nxe5 17. Nd4 h5 18. Nb5 c6 19. dxc6 Bxc6 20. Rfd1 Qg5 21. Rxc6 Nxc6 22. Nxd6 Re7 23. Bf3 Rc7 24. b5 Na5 25. Qd3 Rd8 26. Qe2 Be5 27. Ne4 Bxh2+ 28. Kxh2 Qe5+ 29. g3 Rcd7 30. Rc1 Kg7 0-1

[Event "Titled Tuesday intern op 07th Jan Early"]
[Site "Chess.com INT"]
[Date "2025.01.07"]
[Round "1"]
[White "Jagirapu, Harshin Reddy"]
[Black "Kosakowski, Jakub"]
[Result "0-1"]
[WhiteElo "2094"]
[BlackElo "2539"]
[PlyCount "136"]
[EventDate "2025.01.07"]
[EventType "swiss (blitz)"]
[EventRounds "11"]
[EventCountry "USA"]
[SourceTitle "CB03_2025"]
[SourceDate "2025.01.15"]
[SourceVersion "1"]
[SourceVersionDate "2025.01.15"]
[SourceQuality "1"]

1. d4 Nf6 2. Nf3 e6 3. e3 b6 4. Bd3 Bb7 5. Nbd2 d5 6. c4 Bd6 7. 0-0 0-0 8. b3 c5 9. Bb2 Nc6 10. Rc1 Rc8 11. cxd5 exd5 12. Bf5 Rc7 13. Ne5 Ne7 14. Bd3 Qc8 15. Ndf3 Ba6 16. Qe2 Bxd3 17. Qxd3 h6 18. a4 Rd8 19. Rc2 Qf5 20. Rfc1 Qxd3 21. Nxd3 Ne4 22. dxc5 bxc5 23. Be5 Bxe5 24. Nfxe5 f6 25. Nf3 c4 26. Nf4 Rb8 27. bxc4 dxc4 28. Ne6 Rcc8 29. Nfd4 Nd5 30. Nf5 Kf7 31. Ned4 g6 32. Nxh6+ Kg7 33. Ng4 c3 34. f3 Nb4 35. fxe4 Nxc2 36. Rxc2 Rb2 37. Nf2 Rc4 38. Nd3 Rxc2 39. Nxc2 Rxa4 40. e5 fxe5 41. Nxe5 Ra2 42. Nd4 c2 43. Nd3 Ra1+ 44. Kf2 c1Q 45. Nxc1 Rxc1 46. Ke2 a5 47. Nb3 Rc2+ 48. Kd3 Rxg2 49. Nxa5 Rxh2 50. Nc4 Kf6 51. e4 g5 52. Ne3 Rh3 53. Kd4 Ke6 54. Nf5 Ra3 55. Ng7+ Kf6 56. Nf5 g4 57. Ne3 Ra4+ 58. Kd3 Kg5 59. e5 Kf4 60. Ng2+ Kxe5 61. Ke3 Ra3+ 62. Kf2 Ke4 63. Ke2 g3 64. Ne1 Ra2+ 65. Kf1 Kf4 66. Ng2+ Kg4 67. Ne3+ Kf3 68. Nc2 Rxc2 0-1

[Event "Titled Tuesday intern op 26th Nov Late"]
[Site "Chess.com INT"]
[Date "2024.11.26"]
[Round "3"]
[White "Garcia Garcia, Samuel"]
[Black "Jagirapu, Harshin Reddy"]
[Result "0-1"]
[WhiteElo "2109"]
[BlackElo "2063"]
[PlyCount "76"]
[EventDate "2024.11.26"]
[EventType "swiss (blitz)"]
[EventRounds "11"]
[EventCountry "USA"]
[SourceTitle "CB49_2024"]
[SourceDate "2024.12.04"]
[SourceVersion "1"]
[SourceVersionDate "2024.12.04"]
[SourceQuality "1"]

1. e4 e5 2. Nf3 Nc6 3. Bc4 Bc5 4. c3 Nf6 5. d3 d6 6. 0-0 h6 7. a4 a6 8. h3 Ba7 9. Re1 g5 10. Nh2 Qe7 11. Be3 Bxe3 12. Rxe3 h5 13. Nd2 Be6 14. Nhf1 0-0-0 15. Ng3 h4 16. Nf5 Bxf5 17. exf5 d5 18. Bb3 Rdg8 19. f3 Qd7 20. Nf1 Qxf5 21. Bc2 d4 22. Re1 Nd5 23. Bb3 Nf4 24. Bc2 Qd7 25. b4 dxc3 26. b5 Nd4 27. Rxe5 f6 28. Re4 f5 29. Re5 Re8 30. Rxe8+ Rxe8 31. bxa6 bxa6 32. a5 Re2 33. Ba4 Rxg2+ 34. Kh1 Qd6 35. Qe1 Nde2 36. Ne3 Ng3+ 37. Qxg3 Rxg3 38. Nxf5 Rxh3+ 0-1

[Event "Titled Tuesday intern op 10th Sep Late"]
[Site "Chess,com INT"]
[Date "2024.09.10"]
[Round "9"]
[White "Gasparyan, Davit"]
[Black "Jagirapu, Harshin Reddy"]
[Result "1-0"]
[WhiteElo "2234"]
[BlackElo "2063"]
[PlyCount "171"]
[EventDate "2024.09.10"]
[EventType "swiss (blitz)"]
[EventRounds "11"]
[EventCountry "USA"]
[SourceTitle "EXT 2025"]
[Source "ChessBase"]
[SourceDate "2024.10.14"]
[SourceVersion "1"]
[SourceVersionDate "2024.10.14"]
[SourceQuality "1"]

1. d4 Nf6 2. c4 e6 3. Nc3 Bb4 4. e3 0-0 5. a3 Bxc3+ 6. bxc3 b6 7. Ne2 Ba6 8. Ng3 Nc6 9. Bd3 Na5 10. Qe2 d6 11. 0-0 Qd7 12. e4 Ne8 13. f4 Qa4 14. Rb1 c5 15. e5 Bxc4 16. exd6 Bxd3 17. Qxd3 c4 18. Qf3 Nxd6 19. f5 exf5 20. Bf4 Qd7 21. Qd5 Rad8 22. Be5 Nc6 23. Rbd1 Ne7 24. Qf3 f6 25. Bxd6 Qxd6 26. Nxf5 Nxf5 27. Qxf5 Qxa3 28. Qe6+ Kh8 29. Qxc4 Rc8 30. Qe6 Qxc3 31. d5 Qc5+ 32. Kh1 Rce8 33. Qf5 Re5 34. Qd7 Re7 35. Qf5 Rd8 36. d6 Red7 37. Qe6 Rxd6 38. Rxd6 Qxd6 39. Qa2 Qc7 40. Re1 g6 41. h3 Kg7 42. Qa3 Rd7 43. Qb3 Re7 44. Rd1 a5 45. Qa3 Qc5 46. Qb2 b5 47. Rc1 Qe5 48. Qa3 b4 49. Qb3 Qe3 50. Qc4 a4 51. Rd1 Qc3 52. Qh4 a3 53. Rd8 Re1+ 54. Kh2 Qe5+ 55. Qg3 Qe2 56. Qc7+ Kh6 57. Qf4+ Kg7 58. Rd7+ Qe7 59. Rxe7+ Rxe7 60. Qxb4 Ra7 61. Qb1 a2 62. Qa1 h5 63. Kg3 Kf7 64. Kf3 Ra3+ 65. Kf4 g5+ 66. Ke4 Ra4+ 67. Ke3 h4 68. Kf3 Kg6 69. Kf2 Rf4+ 70. Ke2 Ra4 71. Kd3 f5 72. Kc3 g4 73. Kb3 Ra8 74. hxg4 fxg4 75. Kc4 Ra4+ 76. Kd5 h3 77. gxh3 gxh3 78. Qg1+ Kh5 79. Qd1+ Rg4 80. Qa1 Rg2 81. Qd1+ Kh4 82. Qd4+ Kg3 83. Qe3+ Kh2 84. Qf4+ Kh1 85. Qf1+ Rg1 86. Qxh3# 1-0

[Event "Titled Tuesday intern op 13th Aug Late"]
[Site "Chess.com INT"]
[Date "2024.08.13"]
[Round "11"]
[White "Floresvillar Gonzalez, Luis Miguel"]
[Black "Jagirapu, Harshin Reddy"]
[Result "0-1"]
[WhiteElo "2021"]
[BlackElo "2041"]
[PlyCount "94"]
[EventDate "2024.08.13"]
[EventType "swiss (blitz)"]
[EventRounds "11"]
[EventCountry "USA"]
[SourceTitle "EXT 2025"]
[Source "ChessBase"]
[SourceDate "2024.10.14"]
[SourceVersion "1"]
[SourceVersionDate "2024.10.14"]
[SourceQuality "1"]

1. e4 c5 2. d4 cxd4 3. c3 Nf6 4. e5 Nd5 5. Qxd4 e6 6. Qe4 f5 7. exf6 Nxf6 8. Qh4 Nc6 9. Bg5 Be7 10. Nf3 0-0 11. Bd3 h6 12. Bxf6 Bxf6 13. Qe4 d5 14. Qh7+ Kf7 15. Qg6+ Ke7 16. Nbd2 Bd7 17. 0-0 Be8 18. Qg3 Qd6 19. Rae1 Qxg3 20. fxg3 Kd6 21. Nb3 Bd7 22. Bg6 a5 23. a3 a4 24. Nbd4 e5 25. Nf5+ Kc5 26. h4 Be8 27. Bxe8 Raxe8 28. g4 e4 29. N3d4 Nxd4 30. cxd4+ Bxd4+ 31. Nxd4 Kxd4 32. Rd1+ Ke5 33. Rfe1 Rf4 34. g5 Rxh4 35. gxh6 Rxh6 36. Rc1 Rc6 37. Rcd1 d4 38. Rf1 e3 39. Rf7 e2 40. Re1 d3 41. Rd7 Rd6 42. Rxb7 Kf4 43. Rf7+ Ke3 44. Rf3+ Kd2 45. Kf2 Kc2 46. Rf4 d2 47. Rxe2 Rxe2+ 0-1

[Event "Titled Tuesday intern op 13th Aug Late"]
[Site "Chess.com INT"]
[Date "2024.08.13"]
[Round "9"]
[White "Green, Andrew"]
[Black "Jagirapu, Harshin Reddy"]
[Result "1-0"]
[WhiteElo "2123"]
[BlackElo "2041"]
[PlyCount "89"]
[EventDate "2024.08.13"]
[EventType "swiss (blitz)"]
[EventRounds "11"]
[EventCountry "USA"]
[SourceTitle "EXT 2025"]
[Source "ChessBase"]
[SourceDate "2024.10.14"]
[SourceVersion "1"]
[SourceVersionDate "2024.10.14"]
[SourceQuality "1"]

1. d4 Nf6 2. Nf3 d5 3. Bf4 c5 4. e3 Nc6 5. Nbd2 e6 6. c3 Bd6 7. Bg3 0-0 8. Bd3 b6 9. e4 Be7 10. dxc5 bxc5 11. 0-0 Bb7 12. Re1 Re8 13. e5 Nh5 14. Qe2 g6 15. Nf1 Qb6 16. Rad1 c4 17. Bb1 Bc5 18. Bh4 a5 19. Qd2 a4 20. g4 Ng7 21. Bf6 Bf8 22. h4 h5 23. Ne3 a3 24. b4 cxb3 25. gxh5 Nxh5 26. Ng4 bxa2 27. Nh6+ Kh7 28. Nxf7 axb1Q 29. Rxb1 Qc7 30. Kh2 Qxf7 31. Ng5+ Kg8 32. Nxf7 Kxf7 33. Rxb7+ Be7 34. Qg5 a2 35. Rg1 Rg8 36. Bxe7 a1Q 37. Bd6+ Ke8 38. Re7+ Kd8 39. Ra7+ Kc8 40. Raxa1 Rxa1 41. Rxa1 Kb7 42. Rb1+ Kc8 43. Qe3 Ng7 44. Qc5 Kd7 45. Rb7+ 1-0

[Event "Titled Tuesday intern op 06th Aug Late"]
[Site "Chess.com INT"]
[Date "2024.08.06"]
[Round "11"]
[White "Jagirapu, Harshin Reddy"]
[Black "Luba, Lukasz"]
[Result "0-1"]
[WhiteElo "2041"]
[BlackElo "2068"]
[PlyCount "52"]
[EventDate "2024.08.06"]
[EventType "swiss (blitz)"]
[EventRounds "11"]
[EventCountry "USA"]
[SourceTitle "EXT 2025"]
[Source "ChessBase"]
[SourceDate "2024.10.14"]
[SourceVersion "1"]
[SourceVersionDate "2024.10.14"]
[SourceQuality "1"]

1. e4 e6 2. c3 d5 3. Bd3 Nf6 4. e5 Nfd7 5. f4 c5 6. Nf3 c4 7. Bc2 Bc5 8. d4 cxd3 9. Qxd3 Nc6 10. Be3 Qb6 11. Bc1 f6 12. b4 Bxb4 13. cxb4 Nxb4 14. Qd1 fxe5 15. fxe5 0-0 16. a3 Nc6 17. Qd3 g6 18. Qe2 Nd4 19. Nxd4 Qxd4 20. Ra2 Qh4+ 21. g3 Qd4 22. Bb2 Qc5 23. Nc3 b6 24. Nd1 Ba6 25. Qe3 Qxc2 26. Qd2 Qe4+ 0-1

[Event "Titled Tuesday intern op 23rd Jul Late"]
[Site "Chess.com INT"]
[Date "2024.07.23"]
[Round "7"]
[White "Damaraju, Ashwin"]
[Black "Jagirapu, Harshin Reddy"]
[Result "1-0"]
[WhiteElo "2038"]
[BlackElo "2040"]
[PlyCount "77"]
[EventDate "2024.07.23"]
[EventType "swiss (blitz)"]
[EventRounds "11"]
[EventCountry "USA"]
[SourceTitle "EXT 2025"]
[Source "ChessBase"]
[SourceDate "2024.10.14"]
[SourceVersion "1"]
[SourceVersionDate "2024.10.14"]
[SourceQuality "1"]

1. e4 c5 2. Nc3 Nc6 3. Bb5 Nd4 4. Nf3 e6 5. 0-0 Nf6 6. e5 Ng8 7. Nxd4 cxd4 8. Ne2 Qb6 9. Ba4 Ne7 10. c3 Nf5 11. Bc2 dxc3 12. bxc3 g6 13. d4 Bg7 14. Ng3 0-0 15. Nxf5 exf5 16. Ba3 Re8 17. Bd6 Bf8 18. Bxf8 Rxf8 19. d5 Qc7 20. Qd4 d6 21. Rfe1 dxe5 22. Rxe5 Qd6 23. c4 b6 24. Rae1 Bd7 25. Re7 Rfe8 26. Rxe8+ Rxe8 27. Rxe8+ Bxe8 28. h4 h5 29. Qe3 Bd7 30. Qg5 Qc7 31. Bb3 b5 32. cxb5 Bxb5 33. Qe3 a5 34. Qd2 a4 35. d6 Qd7 36. Bd5 Kg7 37. Qc3+ f6 38. Qc7 f4 39. Be6 1-0

[Event "Titled Tuesday intern op 23rd Jul Late"]
[Site "Chess.com INT"]
[Date "2024.07.23"]
[Round "3"]
[White "Gimenez Aguirre, Ismael Alejo"]
[Black "Jagirapu, Harshin Reddy"]
[Result "1-0"]
[WhiteElo "2204"]
[BlackElo "2040"]
[PlyCount "71"]
[EventDate "2024.07.23"]
[EventType "swiss (blitz)"]
[EventRounds "11"]
[EventCountry "USA"]
[SourceTitle "EXT 2025"]
[Source "ChessBase"]
[SourceDate "2024.10.14"]
[SourceVersion "1"]
[SourceVersionDate "2024.10.14"]
[SourceQuality "1"]

1. e4 e5 2. Nf3 Nc6 3. Bb5 a6 4. Ba4 Nf6 5. 0-0 Be7 6. Re1 b5 7. Bb3 d6 8. c3 0-0 9. h3 Bb7 10. d4 Re8 11. Ng5 Rf8 12. Nf3 h6 13. a4 Re8 14. Nbd2 Bf8 15. d5 Ne7 16. Qe2 c6 17. axb5 axb5 18. Rxa8 Qxa8 19. dxc6 Bxc6 20. Bc2 Ng6 21. Nf1 Qb7 22. Ng3 Nf4 23. Qd1 g6 24. Nh2 d5 25. exd5 Bxd5 26. Ng4 Nxg4 27. Bxf4 Nxf2 28. Kxf2 exf4 29. Rxe8 Qb6+ 30. Ke1 Bxg2 31. Ne2 f3 32. Nd4 Qd6 33. Kf2 Qd7 34. Qe1 Qxh3 35. Qe7 Kh7 36. Qxf7+ 1-0

[Event "Titled Tuesday intern op 23rd Jul Late"]
[Site "Chess.com INT"]
[Date "2024.07.23"]
[Round "9"]
[White "Guillo Longares, Cecilia"]
[Black "Jagirapu, Harshin Reddy"]
[Result "0-1"]
[WhiteElo "2076"]
[BlackElo "2040"]
[PlyCount "72"]
[EventDate "2024.07.23"]
[EventType "swiss (blitz)"]
[EventRounds "11"]
[EventCountry "USA"]
[SourceTitle "EXT 2025"]
[Source "ChessBase"]
[SourceDate "2024.10.14"]
[SourceVersion "1"]
[SourceVersionDate "2024.10.14"]
[SourceQuality "1"]

1. e4 c5 2. Nc3 Nc6 3. g3 g6 4. Bg2 Bg7 5. d3 d6 6. Be3 e6 7. Qd2 Rb8 8. Nge2 b5 9. 0-0 b4 10. Nd1 Nge7 11. Bh6 0-0 12. Bxg7 Kxg7 13. f4 a5 14. Ne3 f5 15. d4 fxe4 16. Bxe4 d5 17. Bg2 Qb6 18. dxc5 Qxc5 19. Kh1 Ba6 20. Ng4 Nf5 21. Rfe1 h5 22. Ne5 Nxe5 23. fxe5 Qf2 24. Qf4 Ne3 25. Qxf2 Rxf2 26. Nf4 Nxg2 27. Nxg2 Rxc2 28. Nf4 Rb6 29. Rac1 Rxb2 30. Rc7+ Kh6 31. Rf7 Rd2 32. Rf6 Bd3 33. Rc1 Bf5 34. Rc8 b3 35. h4 bxa2 36. Rh8+ Kg7 0-1

[Event "Titled Tuesday intern op 23rd Jul Late"]
[Site "Chess.com INT"]
[Date "2024.07.23"]
[Round "1"]
[White "Jagirapu, Harshin Reddy"]
[Black "Cuenca Jimenez, Jose Fernando"]
[Result "1-0"]
[WhiteElo "2040"]
[BlackElo "2479"]
[PlyCount "127"]
[EventDate "2024.07.23"]
[EventType "swiss (blitz)"]
[EventRounds "11"]
[EventCountry "USA"]
[SourceTitle "EXT 2025"]
[Source "ChessBase"]
[SourceDate "2024.10.14"]
[SourceVersion "1"]
[SourceVersionDate "2024.10.14"]
[SourceQuality "1"]

1. e4 c5 2. Nf3 Nc6 3. a3 g6 4. c3 Nf6 5. d3 e5 6. Be2 Bg7 7. 0-0 d5 8. Nbd2 0-0 9. Re1 d4 10. cxd4 cxd4 11. b4 Nd7 12. Nb3 b6 13. Bg5 f6 14. Bd2 Bb7 15. Rc1 Rc8 16. b5 Ne7 17. Bb4 Re8 18. Qd2 Nf8 19. Rxc8 Nxc8 20. Rc1 Ne6 21. Bf1 Bf8 22. Bxf8 Rxf8 23. a4 Qd6 24. a5 Ne7 25. Qa2 Kg7 26. g3 Rc8 27. a6 Rxc1 28. axb7 Rxf1+ 29. Kxf1 Qb8 30. Na5 Nd8 31. Nc6 Nexc6 32. bxc6 Nxc6 33. Qa6 Na5 34. Qb5 Qxb7 35. Nxe5 fxe5 36. Qxe5+ Kf7 37. Qxd4 Nc6 38. Qd5+ Ke7 39. e5 Qd7 40. Qe4 Nd4 41. Qh4+ Ke8 42. Qe4 a5 43. Qa8+ Ke7 44. Qh8 Ke6 45. Qf6+ Kd5 46. Qxb6 Nc6 47. Qb5+ Ke6 48. d4 Qd5 49. Qb6 a4 50. Qa6 Qb3 51. Qxc6+ Ke7 52. d5 Qb1+ 53. Kg2 Qe4+ 54. f3 Qe2+ 55. Kh3 Qf1+ 56. Kh4 Qd3 57. Qc7+ Ke8 58. d6 Kf8 59. Qe7+ Kg8 60. d7 Qc4+ 61. f4 g5+ 62. Kxg5 h6+ 63. Kxh6 Qc6+ 64. e6 1-0

[Event "Titled Tuesday intern op 23rd Jul Late"]
[Site "Chess.com INT"]
[Date "2024.07.23"]
[Round "4"]
[White "Le, Quang Long"]
[Black "Jagirapu, Harshin Reddy"]
[Result "1-0"]
[WhiteElo "2380"]
[BlackElo "2040"]
[PlyCount "101"]
[EventDate "2024.07.23"]
[EventType "swiss (blitz)"]
[EventRounds "11"]
[EventCountry "USA"]
[SourceTitle "EXT 2025"]
[Source "ChessBase"]
[SourceDate "2024.10.14"]
[SourceVersion "1"]
[SourceVersionDate "2024.10.14"]
[SourceQuality "1"]

1. d4 Nf6 2. c4 e6 3. Nf3 d5 4. Nc3 c6 5. Bg5 h6 6. Bxf6 Qxf6 7. e3 Nd7 8. Be2 dxc4 9. a4 g6 10. 0-0 Bg7 11. Nd2 0-0 12. Nxc4 e5 13. d5 Nb6 14. Ne4 Qh4 15. Nxb6 axb6 16. Nd6 Qb4 17. dxc6 Rd8 18. cxb7 Bxb7 19. Nxb7 Rxd1 20. Rfxd1 Qxb2 21. Bb5 Rb8 22. Nd8 Qxa1 23. Rxa1 Rxd8 24. Rc1 Bf8 25. g4 Bc5 26. a5 Ra8 27. a6 Ra7 28. Rd1 Kg7 29. Rd8 f5 30. h3 Kf6 31. Kg2 h5 32. gxh5 gxh5 33. Rh8 Kg6 34. Be2 Kf6 35. Rxh5 Rg7+ 36. Kf1 b5 37. Bxb5 Ba7 38. Bd3 e4 39. Bb5 Rc7 40. Rh6+ Kg5 41. Re6 Kh4 42. Rh6+ Kg5 43. Rh8 Rc1+ 44. Kg2 Rc7 45. Kg3 Rg7 46. Rf8 Bc5 47. Rd8 Bb6 48. Rd5 Bc7+ 49. Kg2 Kf6+ 50. Kf1 Bb6 51. Rd6+ 1-0